000 00570nam a2200217Ia 4500
003 OSt
005 20220928142700.0
006 a|||||r|||| 00| 0
007 ta
008 220927b |||||||| |||| 00| 0 eng d
024 _a19988
037 _cTextual
040 _aSDCL
_cSDCL
_beng
041 _2eng
_aeng
082 _aX:89K31.2'N8, M9
100 _aMisra R P Ed.
245 0 _aInternational division of labour and regional development.
260 _c1989
942 _hX:89K31.2'N8, M9
_cTEXL
_2CC
999 _c822130
_d822130